[Event "GER-ch Rapid 49th"]
[Site "Dinkelsbuehl"]
[Date "2023.11.12"]
[Round "6"]
[White "Klingler, Tobias"]
[Black "Schuh, Felix"]
[Result "0-1"]
[WhiteElo "1892"]
[BlackElo "1543"]
[PlyCount "138"]
[EventDate "2023.11.11"]
[EventType "swiss (rapid)"]
[EventRounds "9"]
[EventCountry "GER"]
[SourceTitle "CB46_2023"]
[SourceDate "2023.11.15"]
[SourceVersion "1"]
[SourceVersionDate "2023.11.15"]
[SourceQuality "1"]

1. d4 e6 2. Nf3 b6 3. e4 Bb7 4. Nbd2 d5 5. e5 c5 6. c3 Nc6 7. Bb5 a6 8. Bxc6+ Bxc6 9. 0-0 Nh6 10. Re1 Nf5 11. Nf1 Be7 12. Kh1 h5 13. Ng3 g6 14. Nxf5 gxf5 15. Re3 Kd7 16. b4 c4 17. a4 b5 18. axb5 axb5 19. Bd2 Qb6 20. Re1 Rxa1 21. Qxa1 Ra8 22. Qb2 Qa6 23. h3 Qa3 24. Qxa3 Rxa3 25. Kg1 Ra2 26. Rc1 Ke8 27. Bg5 Kf8 28. Bxe7+ Kxe7 29. Ne1 f6 30. f4 fxe5 31. fxe5 Be8 32. h4 Kf7 33. Rc2 Rxc2 34. Nxc2 f4 35. Kf2 Kg6 36. Kf3 Kf5 37. Na3 Bd7 38. Nb1 Be8 39. Nd2 Bd7 40. Nf1 Be8 41. g3 fxg3 42. Nxg3+ Kg6 43. Kf4 Kh6 44. Nf5+ Kg6 45. Nd6 Bd7 46. Nb7 Bc8 47. Nd8 Bd7 48. Nb7 Bc8 49. Nc5 Kh6 50. Ne4 dxe4 51. Kxe4 Bb7+ 52. d5 exd5+ 53. Kd4 Kg6 54. Kc5 Kf5 55. Kd6 d4 56. e6 Bc6 57. cxd4 Be8 58. Ke7 c3 59. d5 c2 60. d6 c1Q 61. d7 Bxd7 62. exd7 Qe3+ 63. Kf7 Qd4 64. Ke8 Qe5+ 65. Kf7 Qd6 66. Ke8 Qc6 67. Ke7 Qc7 68. Ke8 Ke6 69. d8N+ Kf6 0-1

[Event "GER-ch Rapid 49th"]
[Site "Dinkelsbuehl"]
[Date "2023.11.11"]
[Round "5"]
[White "Schuh, Felix"]
[Black "Nickel, Ruediger"]
[Result "0-1"]
[WhiteElo "1543"]
[BlackElo "1967"]
[PlyCount "72"]
[EventDate "2023.11.11"]
[EventType "swiss (rapid)"]
[EventRounds "9"]
[EventCountry "GER"]
[SourceTitle "CB46_2023"]
[SourceDate "2023.11.15"]
[SourceVersion "1"]
[SourceVersionDate "2023.11.15"]
[SourceQuality "1"]

1. b3 f6 2. Bb2 e5 3. e3 Nh6 4. Ne2 Nf7 5. Ng3 g6 6. Be2 Bg7 7. 0-0 d6 8. f4 Nc6 9. Nc3 Ne7 10. fxe5 dxe5 11. e4 Be6 12. Na4 b6 13. c3 0-0 14. d4 c6 15. Qc2 Qc7 16. Rad1 Rad8 17. c4 exd4 18. Bxd4 Ne5 19. Rd2 Bh6 20. Bxe5 Qxe5 21. Rxd8 Rxd8 22. Rd1 Rd4 23. Rxd4 Qxd4+ 24. Kf1 Bf4 25. Qd1 Qxd1+ 26. Bxd1 Be5 27. Ne2 h5 28. g3 g5 29. Kf2 Kg7 30. Bc2 Ng6 31. Nac3 h4 32. Nb1 Bg4 33. Ng1 hxg3+ 34. hxg3 Nf8 35. Nf3 Bd6 36. Nd4 Bc5 0-1